<?xml version="1.0" encoding="UTF-8"?>
<collection xmlns="http://www.loc.gov/MARC21/slim">
 <record>
  <leader>03410pmm a22002658a 4500</leader>
  <controlfield tag="001">00030278</controlfield>
  <controlfield tag="005">20171026081022.0</controlfield>
  <controlfield tag="008">130107s2006                  ||||||engsd</controlfield>
  <datafield tag="020" ind1="#" ind2="#">
   <subfield code="a">9780194529518</subfield>
  </datafield>
  <datafield tag="041" ind1="0" ind2="#">
   <subfield code="a">eng</subfield>
  </datafield>
  <datafield tag="082" ind1="1" ind2="4">
   <subfield code="a">428</subfield>
   <subfield code="b">T101F</subfield>
  </datafield>
  <datafield tag="100" ind1="1" ind2="#">
   <subfield code="a">Trew, Grant</subfield>
  </datafield>
  <datafield tag="245" ind1="1" ind2="0">
   <subfield code="h">nguồn liệu điện tử]</subfield>
   <subfield code="a">Tactics for TOEIC</subfield>
   <subfield code="b">Speaking and writing tests. Class Audio CD</subfield>
   <subfield code="c">Grant Trew</subfield>
  </datafield>
  <datafield tag="260" ind1="#" ind2="#">
   <subfield code="a">Oxford</subfield>
   <subfield code="b">Oxford University Press</subfield>
   <subfield code="c">2006</subfield>
  </datafield>
  <datafield tag="300" ind1="#" ind2="#">
   <subfield code="a">2 CD</subfield>
   <subfield code="c">4 3/4 in.</subfield>
   <subfield code="e">Sách</subfield>
  </datafield>
  <datafield tag="653" ind1="#" ind2="#">
   <subfield code="a">Kỹ năng nói</subfield>
  </datafield>
  <datafield tag="653" ind1="#" ind2="#">
   <subfield code="a">Đĩa CD</subfield>
  </datafield>
  <datafield tag="653" ind1="#" ind2="#">
   <subfield code="a">Tiếng Anh</subfield>
  </datafield>
  <datafield tag="653" ind1="#" ind2="#">
   <subfield code="a">TOEIC</subfield>
  </datafield>
  <datafield tag="653" ind1="#" ind2="#">
   <subfield code="a">Kỹ năng viết</subfield>
  </datafield>
  <datafield tag="852" ind1="#" ind2="#">
   <subfield code="j">DPT.0001464</subfield>
   <subfield code="j">DPT.0001441</subfield>
   <subfield code="j">DPT.0001442</subfield>
   <subfield code="j">DPT.0001444</subfield>
   <subfield code="j">DPT.0001445</subfield>
   <subfield code="j">DPT.0001449</subfield>
   <subfield code="j">DPT.0001450</subfield>
   <subfield code="j">DPT.0000297</subfield>
   <subfield code="j">DPT.0001452</subfield>
   <subfield code="j">DPT.0001453</subfield>
   <subfield code="j">DPT.0001455</subfield>
   <subfield code="j">DPT.0001456</subfield>
   <subfield code="j">DPT.0001460</subfield>
   <subfield code="j">DPT.0001461</subfield>
   <subfield code="j">DPT.0001463</subfield>
   <subfield code="j">DPT.0001369</subfield>
   <subfield code="j">DPT.0001371</subfield>
   <subfield code="j">DPT.0001372</subfield>
   <subfield code="j">DPT.0001374</subfield>
   <subfield code="j">DPT.0001375</subfield>
   <subfield code="j">DPT.0001377</subfield>
   <subfield code="j">DPT.0001378</subfield>
   <subfield code="j">DPT.0001380</subfield>
   <subfield code="j">DPT.0001381</subfield>
   <subfield code="j">DPT.0001383</subfield>
   <subfield code="j">DPT.0001384</subfield>
   <subfield code="j">DPT.0001386</subfield>
   <subfield code="j">DPT.0001387</subfield>
   <subfield code="j">DPT.0001389</subfield>
   <subfield code="j">DPT.0001390</subfield>
   <subfield code="j">DPT.0001392</subfield>
   <subfield code="j">DPT.0001393</subfield>
   <subfield code="j">DPT.0001395</subfield>
   <subfield code="j">DPT.0001396</subfield>
   <subfield code="j">DPT.0001398</subfield>
   <subfield code="j">DPT.0001399</subfield>
   <subfield code="j">DPT.0001401</subfield>
   <subfield code="j">DPT.0001402</subfield>
   <subfield code="j">DPT.0001404</subfield>
   <subfield code="j">DPT.0001405</subfield>
   <subfield code="j">DPT.0001407</subfield>
   <subfield code="j">DPT.0001408</subfield>
   <subfield code="j">DPT.0001410</subfield>
   <subfield code="j">DPT.0001411</subfield>
   <subfield code="j">DPT.0001413</subfield>
   <subfield code="j">DPT.0001414</subfield>
   <subfield code="j">DPT.0001416</subfield>
   <subfield code="j">DPT.0001417</subfield>
   <subfield code="j">DPT.0001419</subfield>
   <subfield code="j">DPT.0001420</subfield>
   <subfield code="j">DPT.0001422</subfield>
   <subfield code="j">DPT.0001423</subfield>
   <subfield code="j">DPT.0001425</subfield>
   <subfield code="j">DPT.0001426</subfield>
   <subfield code="j">DPT.0001428</subfield>
   <subfield code="j">DPT.0001429</subfield>
   <subfield code="j">DPT.0001431</subfield>
   <subfield code="j">DPT.0001432</subfield>
   <subfield code="j">DPT.0001434</subfield>
   <subfield code="j">DPT.0001435</subfield>
   <subfield code="j">DPT.0001437</subfield>
   <subfield code="j">DPT.0001438</subfield>
   <subfield code="j">DPT.0001439</subfield>
   <subfield code="j">DPT.0001447</subfield>
   <subfield code="j">DPT.0001448</subfield>
   <subfield code="j">DPT.0001457</subfield>
   <subfield code="j">DPT.0001458</subfield>
   <subfield code="j">DPT.0001466</subfield>
   <subfield code="j">DPT.0000298</subfield>
   <subfield code="j">DPT.0001370</subfield>
   <subfield code="j">DPT.0001373</subfield>
   <subfield code="j">DPT.0001376</subfield>
   <subfield code="j">DPT.0001379</subfield>
   <subfield code="j">DPT.0001382</subfield>
   <subfield code="j">DPT.0001385</subfield>
   <subfield code="j">DPT.0001388</subfield>
   <subfield code="j">DPT.0001391</subfield>
   <subfield code="j">DPT.0001394</subfield>
   <subfield code="j">DPT.0001397</subfield>
   <subfield code="j">DPT.0001400</subfield>
   <subfield code="j">DPT.0001403</subfield>
   <subfield code="j">DPT.0001406</subfield>
   <subfield code="j">DPT.0001409</subfield>
   <subfield code="j">DPT.0001412</subfield>
   <subfield code="j">DPT.0001415</subfield>
   <subfield code="j">DPT.0001418</subfield>
   <subfield code="j">DPT.0001421</subfield>
   <subfield code="j">DPT.0001424</subfield>
   <subfield code="j">DPT.0001427</subfield>
   <subfield code="j">DPT.0001430</subfield>
   <subfield code="j">DPT.0001433</subfield>
   <subfield code="j">DPT.0001436</subfield>
   <subfield code="j">DPT.0001440</subfield>
   <subfield code="j">DPT.0001443</subfield>
   <subfield code="j">DPT.0001446</subfield>
   <subfield code="j">DPT.0001451</subfield>
   <subfield code="j">DPT.0001454</subfield>
   <subfield code="j">DPT.0001459</subfield>
   <subfield code="j">DPT.0001462</subfield>
   <subfield code="j">DPT.0001465</subfield>
  </datafield>
  <datafield tag="852" ind1="#" ind2="#">
   <subfield code="j">DPT.0000297, DPT.0000298, DPT.0001369, DPT.0001370, DPT.0001371, DPT.0001372, DPT.0001373, DPT.0001374, DPT.0001375, DPT.0001376, DPT.0001377, DPT.0001378, DPT.0001379, DPT.0001380, DPT.0001381, DPT.0001382, DPT.0001383, DPT.0001384, DPT.0001385, DPT.0001386, DPT.0001387, DPT.0001388, DPT.0001389, DPT.0001390, DPT.0001391, DPT.0001392, DPT.0001393, DPT.0001394, DPT.0001395, DPT.0001396, DPT.0001397, DPT.0001398, DPT.0001399, DPT.0001400, DPT.0001401, DPT.0001402, DPT.0001403, DPT.0001404, DPT.0001405, DPT.0001406, DPT.0001407, DPT.0001408, DPT.0001409, DPT.0001410, DPT.0001411, DPT.0001412, DPT.0001413, DPT.0001414, DPT.0001415, DPT.0001416, DPT.0001417, DPT.0001418, DPT.0001419, DPT.0001420, DPT.0001421, DPT.0001422, DPT.0001423, DPT.0001424, DPT.0001425, DPT.0001426, DPT.0001427, DPT.0001428, DPT.0001429, DPT.0001430, DPT.0001431, DPT.0001432, DPT.0001433, DPT.0001434, DPT.0001435, DPT.0001436, DPT.0001437, DPT.0001438, DPT.0001439, DPT.0001440, DPT.0001441, DPT.0001442, DPT.0001443, DPT.0001444, DPT.0001445, DPT.0001446, DPT.0001447, DPT.0001448, DPT.0001449, DPT.0001450, DPT.0001451, DPT.0001452, DPT.0001453, DPT.0001454, DPT.0001455, DPT.0001456, DPT.0001457, DPT.0001458, DPT.0001459, DPT.0001460, DPT.0001461, DPT.0001462, DPT.0001463, DPT.0001464, DPT.0001465, DPT.0001466</subfield>
   <subfield code="b">Kho đa phương tiện</subfield>
  </datafield>
  <datafield tag="910" ind1=" " ind2=" ">
   <subfield code="d">07/01/2013</subfield>
  </datafield>
  <datafield tag="980" ind1="#" ind2="#">
   <subfield code="a">Trung tâm Học liệu Lê Vũ Hùng, Trường Đại học Đồng Tháp</subfield>
  </datafield>
 </record>
</collection>
